000 00592nac a22001691u 4500
020 _a8121901685
082 _a621.816
_bG2316
090 _c950
_d950
100 _aGarg, H.P.
245 _aIndustrial maintenance /
_cH.P. Garg.
260 _aNew Delhi :
_bS Chand & Co.,
_c2002.
300 _a610 p. :
_billus;
_c24 cm.
500 _aIncludes index.
650 _aIndustrial equipment
_xMaintenance and repair.
942 _cBB
_k621.816G2316
999 _c950
_d950